000 00438nam a2200181Ia 4500
008 230524s9999 xx 000 0 und d
020 _a0074636820
082 _a621.3892
_bKEN
100 _aGeorge Kennedy
245 0 _aElectronic Communication Systems
250 _a4TH
260 _aNEW DELHI
_bTMH
_c2005
300 _aXIV;745
500 _aQuantity Number: 6
650 _aElectronics
700 _a Bernard Davis
942 _cBK
999 _c9016
_d9016